01325cam a2200373 a 4500952013800000999001700138001000900155003000400164005001700168008004100185010001700226015001900243016001800262020002500280020002200305035002400327040003300351041001300384042001400397050002200411082001900433100002800452245011100480260004600591300002100637440002800658500003200686504005100718546003900769650003200808700003000840906004500870942003600915 00102ddc40708PHILOSOPHYaMESbMEScPHILOSOPHYd2019-02-20g250.00l0o182 WAT/Fp33485r2019-02-20 00:00:00w2019-02-20yBKzU3R4 c21305d2130515719718OSt20200612124636.0090430r20092000enk b 001 0 eng  a 2009294381 aGBA8D62562bnb7 a0148446602Uk a9780199539093 (pbk.) a019953909X (pbk.) a(OCoLC)ocn277068165 aUKMcoclcdBTCTAdYDXCPdDLC1 aenghgrc alccopycat00aB187.5b.F57 200904a182222bWAT/F 92840aWaterfield, Robin04aThe first philosophers :bThe presocratics and sophists /ctranslated with commentary by Robin Waterfield. aOxford :bOxford University Press,c2009. a354 p. ;c20 cm. 0aOxford world's classics aOriginally published: 2000. aIncludes bibliographical references and index. aTranslated from the Ancient Greek. 0aSophists (Greek philosophy)1 aWaterfield, Robin,d1952- a7bcbcccopycatd2encipf20gy-gencatlg 2ddccBKh182iWAT/Fk182mWAT/F